Bovis Lend Lease cleans up in March (Record no. 78693)

MARC details
000 -LEADER
fixed length control field 00919cab a22001935a 4500
001 - CONTROL NUMBER
control field L137702
008 - FIXED-LENGTH DATA ELEMENTS--GENERAL INFORMATION
fixed length control field 070424e2007 xxk 000 0 eng d
035 ## - SYSTEM CONTROL NUMBER
System control number (Sirsi) u137702
041 0# - LANGUAGE CODE
Language code of text/sound track or separate title eng
100 1# - MAIN ENTRY--PERSONAL NAME
Personal name Richardson, Sarah
245 00 - TITLE STATEMENT
Title Bovis Lend Lease cleans up in March
260 ## - PUBLICATION, DISTRIBUTION, ETC.
Date of publication, distribution, etc. 2007
490 #0 - SERIES STATEMENT
Series statement Building
Volume/sequential designation 272(8476) 20 April 2007, 20-21(2)
520 ## - SUMMARY, ETC.
Summary, etc. Barbour ABI's monthly figures show EC Harris heading the table of top quantity surveyors for the 12 months to March 2007. Davis Langdon were runners up, with Turner and Townsend in third place. Balfour Beatty remained at the top of the contractors' league for the same period, with Bovis Lend Lease taking first place for monthly work won in March 2007. Also includes tables for architects and clients/promoters.
590 ## - LOCAL NOTE (RLIN)
Local note KA
651 #4 - SUBJECT ADDED ENTRY--GEOGRAPHIC NAME
Geographic name United Kingdom
Chronological subdivision
690 ## - LOCAL SUBJECT ADDED ENTRY--TOPICAL TERM (OCLC, RLIN)
Topical term or geographic name as entry element BUILT ENVIRONMENT-QUANTITY SURVEYING-QUANTITY SURVEYORS
942 ## - ADDED ENTRY ELEMENTS (KOHA)
Suppress in OPAC 0
Holdings
Withdrawn status Lost status Source of classification or shelving scheme Damaged status Not for loan Home library Current library Shelving location Date acquired Total Checkouts Full call number Barcode Date last seen Copy number Price effective from Koha item type
    Dewey Decimal Classification     London London Journal article 24/04/2007   L137702 137702-1001 06/08/2019 1 06/08/2019 Journal article